Videokonferencia pre sluchovo postihnutých

Na minha lista:
Detalhes bibliográficos
Autor principal: Hricová, Marcela, 1976- (Author)
Outros Autores: Filanová, Jana, 1967- (Thesis advisor)
Formato: Manuscrito Livro
Idioma:eslovaco
Publicado em: Bratislava : STU v Bratislave FEI, 2002
Assuntos:
Tags: Adicionar Tag
Sem tags, seja o primeiro a adicionar uma tag!

MARC

LEADER 00000ntm a22000003a 4500
001 stu78687
005 20150617225642.6
008 030128s2002------------------------slo-d
040 |a STU  |b slo 
041 0 |a slo 
100 1 |a Hricová, Marcela,  |d 1976-  |4 aut  |u E  |T FEI Fakulta elektrotechniky a informatiky  |X 3921  |U E  |Y 30  |7 A000003921 
245 1 |a Videokonferencia pre sluchovo postihnutých 
260 |a Bratislava :  |b STU v Bratislave FEI,  |c 2002 
300 |a 65 s 
650 7 |a Telekomunikácie  |2 stusub 
700 1 |a Filanová, Jana,  |d 1967-  |4 ths  |u E240  |U FEI Fakulta elektrotechniky a informatiky  |T FEI Katedra telekomunikácií  |X 1839  |U E240  |Y 72  |7 A000001839